000
00341nam a22001457a 4500
008
231124b ||||| |||| 00| 0 eng d
020
_a
0231083181
041
_a
eng
080
_a
616.73
082
_a
616.73LEW
100
_a
8
101
_a
MJEKP
245
_a
THE GENETIC BASIS OF EVOLUTIONARY CHANGE
_c
LEWONTIN .C .R
942
_2
udc
_c
BK
999
_c
60526
_d
60526